| 000 | 01741cam a22004694i 4500 | ||
|---|---|---|---|
| 003 | PE-LiUPU | ||
| 005 | 20250731173359.0 | ||
| 008 | 150706s2009 spa r 000 0 spa d | ||
| 020 | _a9780829748871 | ||
| 035 | _a(Sirsi) i9780829748871 | ||
| 040 |
_aPE-LiUPU _bspa _cPE-LiUPU _erda |
||
| 049 | _aPRUA | ||
| 082 | 0 | 4 |
_a220.6 _bD95 _221 |
| 100 | 1 |
_aDowney, Peter, _eautor. |
|
| 245 | 1 | 0 |
_aTodo lo que quieres saber de la Biblia : _bbueno. quizá no todo pero lo necesario para comenzar / _cPeter Downey y Ben Shaw. |
| 264 | 1 |
_aMiami : _bVida, _c2009. |
|
| 300 |
_a191 páginas : _bilustraciones ; _c23 centímetros |
||
| 336 |
_atext _2rdacontent |
||
| 337 |
_aunmediated _2rdamedia |
||
| 338 |
_avolume _2rdacarrier |
||
| 505 | 0 | _aLa gran travesía -- Una visión global -- El Antiguo Testamento -- El Nuevo Testamento -- Material en la parte posterior. | |
| 526 | _aSEG42 | ||
| 526 | _aSEG41 | ||
| 526 | _aSEG40 | ||
| 526 | _aSEG39 | ||
| 526 | _aP94 | ||
| 526 | _aP87 | ||
| 526 | _aP86 | ||
| 526 | _aP85 | ||
| 526 | _aP77 | ||
| 526 | _aP76 | ||
| 526 | _aP35 | ||
| 541 | _g001-0000499; | ||
| 630 |
_aBiblia _xIntroducciones. _92045 |
||
| 700 | 1 |
_aShaw, Ben, _eautor. |
|
| 910 |
_agl _bjv _clch _d20110206 |
||
| 942 |
_2ddc _cBOOK |
||
| 949 |
_a220.6 D95 _wDEWEY _c1 _i62458 _lCCODEBUL1 _mBUL _p57.00 _r0 _sY _tBOOK _u2015-7-6 _xTEOLOGIA _PP35 _0COMPRA _o.STAFF. Colección Teología |
||
| 994 |
_aC0 _bPEPRU |
||
| 596 | _a1 | ||
| 999 |
_a220.6 D95 _wDEWEY _c51515 _i62458 _e2017-5-7 _f2021-11-9 _g5 _lCCODEBUL1 _mBUL _n2 _p57.00 _r0 _sY _tBOOK _u2015-7-6 _xTEOLOGIA _PP35 _0COMPRA _o.STAFF. Colección Teología _d51515 |
||
| 980 |
_81 _gALBERTO SANCHEZ Responsable de Automatización |
||